书目信息 |
| 题名: |
吴越春秋史话
|
|
| 作者: | 萧军 著 | |
| 分册: | 上 | |
| 出版信息: | 哈尔滨 黑龙江人民出版社 1980 |
|
| 页数: | 309页 | |
| 开本: | 19cm | |
| 丛书名: | ||
| 单 册: | ||
| 中图分类: | I247.43 , I242.4 | |
| 科图分类: | ||
| 主题词: | 侠义小说--中国--现代 , 章回小说--中国--现代 , 长篇小说--中国--现代 | |
| 电子资源: | ||
| ISBN: | ||
| 000 | 00728nam0 2200265 450 | |
| 001 | 1557938564 | |
| 005 | 20150123134242.23 | |
| 010 | @dCNY0.83 | |
| 091 | @a10093.313(上) | |
| 091 | @a10093.324(下) | |
| 100 | @a19950622d1980 em y0chiy0110 ea | |
| 101 | 0 | @achi |
| 102 | @aCN@b230000 | |
| 105 | @af z 000ay | |
| 200 | 1 | @a吴越春秋史话@9wu yue chun qiu shi hua@h上@f萧军著 |
| 210 | @a哈尔滨@c黑龙江人民出版社@d1980 | |
| 215 | @a309页@c插图@d19cm | |
| 606 | 0 | @a侠义小说@y中国@z现代 |
| 606 | 0 | @a章回小说@y中国@z现代 |
| 606 | 0 | @a长篇小说@y中国@z现代 |
| 690 | @aI247.43@v5 | |
| 690 | @aI242.4@v4 | |
| 701 | 0 | @a萧军@9xiao jun@f(1907.7~1988.6)@4著 |
| 801 | 0 | @aCN@bTSSF@c20150123 |
| 905 | @aZUCC@dI242.4@eJY31:1 | |
| 吴越春秋史话.上/萧军著.-哈尔滨:黑龙江人民出版社,1980 |
| 309页:插图;19cm |
| ISBN :CNY0.83 |
| ● |
| 相关链接 |
|
|
|
|
正题名:吴越春秋史话
索取号:I242.4/JY31:1
 
预约/预借
| 序号 | 登录号 | 条形码 | 馆藏地/架位号 | 状态 | 备注 |
| 1 | 7836285 | 278362852 | 学院路分馆/ [索取号:I242.4/JY31:1] | 在馆 | |
| 2 | 7836286 | 278362861 | 学院路分馆/ [索取号:I242.4/JY31:1] | 在馆 | |
| 3 | 7839385 | 278393855 | 学院路分馆/ [索取号:I242.4/JY31:1] | 在馆 | |
| 4 | 7839387 | 278393873 | 学院路分馆/ [索取号:I242.4/JY31:1] | 在馆 | |
| 5 | 7839573 | 278395737 | 学院路分馆/ [索取号:I242.4/JY31:1] | 在馆 | |
| 6 | 7839574 | 278395746 | 学院路分馆/ [索取号:I242.4/JY31:1] | 在馆 | |
| 7 | 7839575 | 278395755 | 学院路分馆/ [索取号:I242.4/JY31:1] | 在馆 | |
| 8 | 7839576 | 278395764 | 学院路分馆/ [索取号:I242.4/JY31:1] | 在馆 |